| 000 | 003420000a22001450004500 | ||
|---|---|---|---|
| 005 | 20120302062912.0 | ||
| 942 | _cBOOK | ||
| 100 |
_a _a _b _c |
||
| 245 | _a MALVIKAGNIMITRAM | ||
| 260 | _aBOMBAY : A.R. SHETH AND CO.,1959 | ||
| 300 | _a352 P. | ||
| 040 | _aS/E | ||
| 365 | _bRS.6.50 | ||
| 650 | _aSANSKRUT SAHITYA / KALIDAS / MALVIKA / NATAK | ||
| 999 |
_c357989 _d357986 |
||